Giám đốc và những qui định cần biết

में बचाया:
ग्रंथसूची विवरण
स्वरूप: पुस्तक
भाषा:Undetermined
प्रकाशित: H. Thống Kê 2002
विषय:
टैग : टैग जोड़ें
कोई टैग नहीं, इस रिकॉर्ड को टैग करने वाले पहले व्यक्ति बनें!
Thư viện lưu trữ: Trung tâm Học liệu Trường Đại học Cần Thơ
LEADER 00445nam a2200157Ia 4500
001 CTU_54303
008 210402s9999 xx 000 0 und d
082 |a 346.597066'4 
082 |b Gi104 
245 0 |a Giám đốc và những qui định cần biết 
260 |a H. 
260 |b Thống Kê 
260 |c 2002 
650 |a management 
650 |x law and legislation 
980 |a Trung tâm Học liệu Trường Đại học Cần Thơ